[Event "FRA-chT2 South 0809"]
[Site "France"]
[Date "2009.02.08"]
[Round "7.8"]
[White "Cordonnier, Agnes"]
[Black "Renault, Magali"]
[Result "1-0"]
[WhiteElo "1630"]
[BlackElo "1499"]
[PlyCount "81"]
[EventDate "2008.10.12"]
[EventType "team-tourn"]
[EventRounds "11"]
[EventCountry "FRA"]
[SourceTitle "EXT 2010"]
[Source "ChessBase"]
[SourceDate "2010.11.25"]
[SourceVersion "1"]
[SourceVersionDate "2010.11.25"]
[SourceQuality "1"]
[WhiteTeam "Clermont Ferrand"]
[BlackTeam "Montpellier Diagonale"]
[WhiteTeamCountry "FRA"]
[BlackTeamCountry "FRA"]

1. e4 e5 2. Nf3 Nc6 3. d4 d6 4. d5 Nce7 5. c4 Nf6 6. Nc3 Bg4 7. Be2 Ng6 8. 0-0 Be7 9. Be3 0-0 10. Qd2 Qd7 11. Rac1 Rac8 12. b4 Rb8 13. c5 b6 14. cxd6 Bxd6 15. a3 Rfe8 16. Bb5 Qd8 17. Bxe8 Qxe8 18. Ne1 Bd7 19. f3 Qe7 20. Nd3 Qf8 21. Nb2 Ne7 22. Qd3 Qe8 23. Rc2 Nc8 24. Bg5 Nh5 25. Rfc1 Ne7 26. Nc4 Qc8 27. Nxd6 cxd6 28. Bxe7 Qc7 29. Nb5 Nf4 30. Rxc7 Nxd3 31. Rxd7 Nxc1 32. Bxd6 Ra8 33. Nxa7 h6 34. Bxe5 g6 35. Nc6 Rc8 36. Ne7+ Kh7 37. Nxc8 h5 38. Nxb6 Nd3 39. Bf6 Kg8 40. Rd8+ Kh7 41. Rh8# 1-0